Most Valuable Footballers In The World (2010) - Statistics

General Stats
  • This quiz has been taken 128 times
  • The average score is 68 of 100
Answer Stats
% Correct
2 Real Madrid Portugal LW Cristiano Ronaldo 25
100%
1 Barcelona Argentina RW Lionel Messi 22
100%
4 Barcelona Spain CM Andrés Iniesta 25
98%
3 Barcelona Spain CM Xavi Hernández 30
98%
7 Bayern Munich France LM Franck Ribéry 27
96%
6 Manchester United England ST Wayne Rooney 24
96%
17 Chelsea Ivory Coast ST Didier Drogba 32
95%
8 Liverpool Spain ST Fernando Torres 26
95%
11 Barcelona Sweden ST Zlatan Ibrahimović 28
95%
14 Inter Milan Cameroon ST Samuel Eto'o 29
94%
12 Valencia Spain ST David Villa 28
93%
13 Chelsea England CM Frank Lampard 31
93%
24 Real Madrid Spain GK Iker Casillas 28
92%
10 Liverpool England CM Steven Gerrard 29
92%
26 Juventus Italy GK Gianluigi Buffon 32
91%
5 Arsenal Spain CM Cesc Fàbregas 22
90%
52 Barcelona Spain CB Gerard Piqué 23
90%
20 Manchester United Serbia CB Nemanja Vidić 28
90%
40 Bayern Munich Netherlands RM Arjen Robben 26
89%
18 Atlético Madrid Argentina ST Sergio Agüero 21
89%
21 Chelsea England CB John Terry 29
88%
9 Real Madrid Brazil AM Kaká 28
88%
42 Real Madrid Spain CB Sergio Ramos 24
88%
39 Barcelona Spain CB Carles Puyol 32
86%
28 Barcelona Brazil RB Dani Alves 26
86%
16 Chelsea Ghana CM Michael Essien 27
86%
54 Bayern Munich Germany RB Philipp Lahm 26
86%
22 Real Madrid Argentina ST Gonzalo Higuaín 22
85%
25 Manchester United England CB Rio Ferdinand 31
85%
35 Manchester United Bulgaria ST Dimitar Berbatov 29
84%
81 Manchester City Ivory Coast CB Kolo Touré 29
84%
53 Arsenal Netherlands ST Robin van Persie 26
84%
94 Barcelona Ivory Coast CM Yaya Touré 26
84%
67 Atlético Madrid Uruguay ST Diego Forlán 30
83%
37 Real Madrid France ST Karim Benzema 22
83%
50 Wolfsburg Bosnia and Herzegovina ST Edin Džeko 24
82%
48 Chelsea Czech Republic GK Petr Čech 27
82%
29 Real Madrid Spain DM Xabi Alonso 28
82%
72 Ajax Uruguay ST Luis Suárez 23
81%
96 Barcelona Spain GK Víctor Valdés 28
81%
34 Inter Milan Netherlands AM Wesley Sneijder 25
81%
45 Chelsea England LB Ashley Cole 29
80%
65 Milan Italy DM Andrea Pirlo 30
79%
31 Manchester City Argentina ST Carlos Tevez 26
79%
84 Tottenham Hotspur Croatia CM Luka Modrić 24
79%
70 Chelsea England LM Joe Cole 28
78%
64 Real Madrid Portugal CB Pepe 27
78%
71 Barcelona Spain DM Sergio Busquets 21
78%
55 Napoli Slovakia CM Marek Hamšík 22
77%
43 Manchester United France LB Patrice Evra 28
77%
51 Inter Milan Brazil GK Júlio César 30
76%
27 Inter Milan Brazil RB Maicon 28
75%
41 Milan Brazil LW Ronaldinho 30
74%
47 Arsenal Russia LW Andrey Arshavin 28
73%
59 Juventus Italy CB Giorgio Chiellini 25
72%
32 Chelsea France ST Nicolas Anelka 31
72%
19 Milan Brazil ST Alexandre Pato 20
71%
88 Bayern Munich Germany CM Bastian Schweinsteiger 25
71%
82 Chelsea Germany CM Michael Ballack 33
71%
30 Bayern Munich Germany ST Mario Gómez 24
70%
15 Roma Italy DM Daniele De Rossi 26
69%
61 Manchester City Togo ST Emmanuel Adebayor 26
69%
77 Liverpool Spain GK Pepe Reina 27
69%
46 Liverpool Argentina DM Javier Mascherano 25
68%
56 Inter Milan Argentina ST Diego Milito 30
67%
80 Barcelona France LB Eric Abidal 30
67%
23 Valencia Spain AM David Silva 24
66%
33 Inter Milan Argentina CM Esteban Cambiasso 29
61%
49 Manchester United England DM Michael Carrick 28
59%
73 Werder Bremen Germany AM Mesut Özil 21
58%
38 Sevilla Spain RM Jesús Navas 24
54%
68 Manchester United Brazil CM Anderson 22
53%
98 Inter Milan Romania CB Cristian Chivu 29
53%
62 Real Madrid France DM Lassana Diarra 25
51%
99 Manchester United Scotland CM Darren Fletcher 26
50%
90 Chelsea France LW Florent Malouda 29
50%
85 Napoli Argentina LW Ezequiel Lavezzi 24
49%
75 CSKA Moscow Russia GK Igor Akinfeev 24
49%
83 Everton Belgium CM Marouane Fellaini 22
49%
63 Villarreal Italy ST Giuseppe Rossi 23
48%
91 Arsenal France LM Samir Nasri 22
46%
74 Sevilla Brazil RB Adriano 25
43%
76 Chelsea Portugal RB José Bosingwa 27
43%
93 Real Madrid Spain CB Raúl Albiol 24
41%
100 Manchester City England DM Gareth Barry 29
40%
58 Valencia Spain AM Juan Mata 22
40%
97 Everton Spain CM Mikel Arteta 28
39%
69 Tottenham Hotspur England RM Aaron Lennon 23
35%
89 Roma Montenegro ST Mirko Vučinić 26
34%
95 Liverpool Argentina AM Maxi Rodríguez 29
33%
36 Sevilla Brazil ST Luís Fabiano 29
31%
57 Bordeaux France AM Yoann Gourcuff 23
31%
87 Aston Villa England LM Ashley Young 24
27%
60 Lyon Argentina ST Lisandro López 27
27%
44 Juventus Brazil AM Diego Ribas 25
24%
79 Roma France CB Philippe Mexès 28
22%
78 Fiorentina Italy ST Alberto Gilardino 27
19%
66 Lyon France DM Jérémy Toulalan 26
19%
86 Marseille Argentina CM Lucho González 29
13%
92 CSKA Moscow Serbia RW Miloš Krasić 25
8%
No matching quizzes found
Score Distribution
Percent of People with Each Score
Percentile by Number Answered
Your Score History
You have not taken this quiz